|
|
|
|
| LEADER |
02092nam a2200361 i 4500 |
| 001 |
30808 |
| 003 |
BD-DhAAL |
| 005 |
20170104103627.0 |
| 008 |
160106s2014 nyu b 001 0 eng d |
| 010 |
|
|
|a 2014469474
|
| 016 |
7 |
|
|a 016650655
|2 Uk
|
| 020 |
|
|
|a 9781783600533
|
| 020 |
|
|
|a 1783600535
|
| 020 |
|
|
|a 9781783600526
|
| 020 |
|
|
|a 1783600527
|
| 040 |
|
|
|a BTCTA
|b eng
|c BTCTA
|e rda
|d BDX
|d UKMGB
|d YDXCP
|d CDX
|d OCLCO
|d LTSCA
|d OCLCF
|d UAB
|d EXW
|d AU@
|d DLC
|d BD-DhAAL
|
| 050 |
0 |
0 |
|a HQ1236.D44
|b W66 2014
|
| 082 |
0 |
4 |
|a 305.42091724
|2 23
|
| 999 |
|
|
|c 36558
|d 36558
|
| 999 |
|
|
|c 36558
|
| 245 |
0 |
0 |
|a Women in politics :
|b gender, power and development /
|c edited by Mariz Tadros.
|
| 260 |
|
|
|a London ;
|a New York :
|b Zed Books,
|c 2014
|
| 300 |
|
|
|a x, 294 pages ;
|c 22 cm.
|
| 490 |
1 |
|
|a Feminisms and development
|
| 504 |
|
|
|a Includes bibliographical references and index.
|
| 505 |
0 |
|
|a Machine generated contents note: 1.Politics as Service: Pathways of District Assembly Women in Ghana / Takyiwaa Manuh -- 2.Exceptional Women: Reserved Councillors in Municipal Corporations in Bangladesh / Bayazid Hasan -- 3.Ejecting Women from Formal Politics in the 'Old-New' Egypt (2011--12) / Mariz Tadros -- 4.Local Power and Women's Empowerment in a Conflict Context: Palestinian Women Contesting Power in Chaos / Islahjad -- 5.Pathways to Political Power in Sudan / Sara Abbas -- 6.Crafting Political Pathways through the Exclusionary Mesh in India / Kanchan Mathur -- 7.Independent Candidacy: An Alternative Political Pathway for Women in Sierra Leone? / Hussaina J. Abdullah -- 8.Conservative Modernization in Brazil: Blocking Local Women's Political Pathways to Power / Andrea Cornwall.
|
| 526 |
|
|
|a BIGD
|
| 541 |
|
|
|e 30808
|
| 650 |
|
0 |
|a Women
|x Political activity
|z Developing countries.
|9 17221
|
| 700 |
1 |
|
|a Tadros, Mariz,
|d 1975-
|9 17222
|
| 830 |
|
0 |
|a Feminisms and development.
|9 17223
|
| 942 |
|
|
|2 ddc
|c BK
|
| 952 |
|
|
|0 0
|1 0
|2 ddc
|4 0
|6 305_420917240000000_WOM
|7 0
|9 57538
|a BRACUL
|b BRACUL
|c GEN
|d 2016-01-06
|e Sohela Nazneen, BIGD
|l 1
|m 4
|o 305.42091724 WOM
|p 3010030808
|r 2024-02-19
|s 2024-02-12
|t 1
|w 2016-01-06
|y BK
|